000
00248 a2200097 4500
001
38215
100
_a
Allana G
245
_a
Our freedom fighters ; twenty-one great lives(1562-1947)
260
_a
Lahore
_b
Ferozsons
_c
1991
090
_c
24273
_d
24273
942
_a
NUST-CAE
_c
M
_c
15862
999
_c
273288
_d
273288